LEADER 01876nam 2200565 450 001 9910480343503321 005 20180613001259.0 010 $a1-4704-0837-6 035 $a(CKB)3360000000464598 035 $a(EBL)3113971 035 $a(SSID)ssj0000888759 035 $a(PQKBManifestationID)11455659 035 $a(PQKBTitleCode)TC0000888759 035 $a(PQKBWorkID)10864678 035 $a(PQKB)10530563 035 $a(MiAaPQ)EBC3113971 035 $a(PPN)195412974 035 $a(EXLCZ)993360000000464598 100 $a20140905h19891989 uy 0 101 0 $aeng 135 $aur|n|---||||| 181 $ctxt 182 $cc 183 $acr 200 10$aActions of linearly reductive groups on affine PI-algebras /$fNikolaus Vonessen 210 1$aProvidence, Rhode Island, United States :$cAmerican Mathematical Society,$d1989. 210 4$dİ1989 215 $a1 online resource (114 p.) 225 1 $aMemoirs of the American Mathematical Society,$x0065-9266 ;$vVolume 81, Number 414 300 $a"September 1989, Volume 81, Number 414 (fifth of 6 numbers)"--Cover. 311 $a0-8218-2477-5 320 $aIncludes bibliographical references. 327 $a""9.4. Connections with actions of finite groups""""References"" 410 0$aMemoirs of the American Mathematical Society ;$vVolume 81, Number 414. 606 $aGalois theory 606 $aAssociative algebras 606 $aNoetherian rings 608 $aElectronic books. 615 0$aGalois theory. 615 0$aAssociative algebras. 615 0$aNoetherian rings. 676 $a512/.3 700 $aVonessen$b Nikolaus$f1961-$0988324 801 0$bMiAaPQ 801 1$bMiAaPQ 801 2$bMiAaPQ 906 $aBOOK 912 $a9910480343503321 996 $aActions of linearly reductive groups on affine PI-algebras$92260037 997 $aUNINA LEADER 02874nam 2200757 a 450 001 9910141415203321 005 20220518183630.0 010 $a9781118282793 010 $a1118282795 010 $a9781119203308 010 $a1119203309 010 $a9781283715065 010 $a1283715066 010 $a9781118284568 010 $a1118284569 035 $a(CKB)2670000000271670 035 $a(EBL)843658 035 $a(OCoLC)817922231 035 $a(SSID)ssj0000827612 035 $a(PQKBManifestationID)12339249 035 $a(PQKBTitleCode)TC0000827612 035 $a(PQKBWorkID)10829846 035 $a(PQKB)10711064 035 $a(PQKBManifestationID)16035004 035 $a(PQKB)22513613 035 $a(DLC) 2012036162 035 $a(Au-PeEL)EBL843658 035 $a(CaPaEBR)ebr10617916 035 $a(CaONFJC)MIL402756 035 $a(CaSebORM)9781118282793 035 $a(MiAaPQ)EBC843658 035 $a(PPN)175388873 035 $a(OCoLC)876046662 035 $a(OCoLC)ocn876046662 035 $a(EXLCZ)992670000000271670 100 $a20120905d2013 uy 0 101 0 $aeng 135 $aur|n|---||||| 181 $ctxt 182 $cc 183 $acr 200 10$aFair value measurement $epractical guidance and implementation /$fMark L. Zyla 205 $a2nd ed. 210 $aHoboken, N.J. $cWiley$dc2013 215 $a1 online resource (592 p.) 225 1 $aWiley Corporate F&A 300 $aDescription based upon print version of record. 311 08$a9781118229071 311 08$a111822907X 320 $aIncludes bibliographical references and index. 327 $aThe history and evolution of fair value accounting -- Fair value measurement standards and concepts -- Business combinations -- The nature of goodwill and intangible assets. 330 $aFAIR VALUE MEASUREMENT Practical Guidance and Implementation ""Writing Fair Value Measurement was a monumental task fraught with controversy not only in the U.S., but also abroad. Having coauthored a book with Mark as well as written one myself, I was even more impressed that Mark was able to navigate these fair value minefields and produce a work that will be a tremendous help to accountants and non-accountants alike. If you are looking for a 'one-stop' book on fair value measurement, this is it!"" -Neil J. Beaton, CPA/ABV, CFA, ASA, Managing Director, Valuation Ser 410 0$aWiley corporate F & A series. 606 $aFair value$xAccounting$xStandards 606 $aFair value$zUnited States 615 0$aFair value$xAccounting$xStandards. 615 0$aFair value 676 $a657/.7 700 $aZyla$b Mark L$0756257 801 0$bMiAaPQ 801 1$bMiAaPQ 801 2$bMiAaPQ 906 $aBOOK 912 $a9910141415203321 996 $aFair value measurement$91945504 997 $aUNINA